| 000 | 00608nam a22002177a 4500 | ||
|---|---|---|---|
| 001 | 13928 | ||
| 003 | CO-MdFUSB | ||
| 005 | 20180622072730.0 | ||
| 008 | 170509n[ ] s ||||| |||| 00| 0 s d | ||
| 040 |
_aCO-MdFUSB _bspa _cCO-MdFUSB _dCO-MdFUSBC _erda |
||
| 041 | 0 | _aspa | |
| 082 | 0 | 4 | _aG 220.13 E821b |
| 100 | 1 |
_aEstrada, David _eautor |
|
| 245 | 1 | 3 |
_aLa Biblia _b : ¿el libro prohibido? _c / David Estrada |
| 264 | 1 |
_aSevilla : _bIglesia Presbiteriana Reformada, _c[ ] |
|
| 300 | _a35 Pág. | ||
| 336 |
_2rdacontent _a1 _ba1 |
||
| 337 |
_2rdamedia _a2 _b5 |
||
| 338 |
_2rdacarrier _a2 _b5 |
||
| 942 | _cBK | ||
| 999 |
_c42860 _d42860 |
||